| 000 | 00407nam a2200157Ia 4500 | ||
|---|---|---|---|
| 008 | 210210b1975 xxu||||| |||| 00| 0 eng d | ||
| 020 | _a0 19 851833 1 | ||
| 082 | _a530 BURO | ||
| 100 | _aBURGE (E J) & others, Ed. | ||
| 245 | _aOxford physics series: Solid state. | ||
| 260 |
_aOxford _bClarendon Press _c1975 |
||
| 300 | _ax,234 | ||
| 650 | _aSolid state physics | ||
| 690 | _aPhysics | ||
| 906 | _a039541 | ||
| 999 |
_c89725 _d89725 |
||